[Event "3rd Cambridge Int Open"]
[Site "Cambridge ENG"]
[Date "2025.05.26"]
[Round "2.19"]
[White "Khoury, Theo"]
[Black "McMahon, Paul"]
[Result "1-0"]
[WhiteTitle "CM"]
[WhiteElo "2143"]
[BlackElo "1911"]
[WhiteFideId "480703"]
[BlackFideId "408212"]
[EventDate "2025.05.26"]

1. e4 e5 2. Nf3 Nc6 3. Bc4 Nf6 4. d3 Bc5 5. O-O h6 6. c3 d6 7. Nbd2 a6 8. Re1
O-O 9. h3 Ba7 10. Bb3 Be6 11. Bc2 Ne7 12. Nf1 c5 13. Ng3 b5 14. Be3 Qc7 15. Qd2
Kh7 16. d4 Rfd8 17. Rad1 Rac8 18. Bb1 c4 19. Nh4 Nfg8 20. f4 Ng6 21. Nf3 exf4
22. Bxf4 Nxf4 23. Qxf4 g6 24. Kh2 f6 25. h4 Bb8 26. d5 Bf7 27. h5 Rf8 28. Nh4
Qd7 29. hxg6+ Bxg6 30. Nxg6 Kxg6 31. e5+ Kg7 32. e6 Qe8 33. Qf5 1-0

[Event "3rd Cambridge Int Open"]
[Site "Cambridge ENG"]
[Date "2025.05.26"]
[Round "2.20"]
[White "Pack, James"]
[Black "Dasgupta, Avyukt"]
[Result "0-1"]
[WhiteElo "1884"]
[BlackElo "2142"]
[WhiteFideId "438294"]
[BlackFideId "480630"]
[EventDate "2025.05.26"]

1. c4 e5 2. g3 Nf6 3. Bg2 c6 4. Nf3 e4 5. Nd4 d5 6. cxd5 Qxd5 7. e3 Bg4 8. Qc2
Na6 9. a3 Nc5 10. Nc3 Qe5 11. f4 exf3 12. Nxf3 Bf5 13. Nxe5 Bxc2 14. b4 Nd3+ 15.
Nxd3 Bxd3 16. Bb2 Bd6 17. b5 O-O 18. bxc6 bxc6 19. Bxc6 Rab8 20. Nd1 Rfc8 21.
Bxf6 gxf6 22. Nf2 Be5 23. Rd1 Bc2 24. Bf3 Bb2 25. O-O Bxd1 26. Bxd1 Bxa3 27. Ne4
Be7 28. Nc3 Bb4 29. Bg4 Rd8 30. Ne4 Bxd2 31. Nxf6+ Kh8 32. Nd7 Bxe3+ 33. Kh1 Rb2
34. Rxf7 Rc8 35. Bh3 Rc1+ 36. Bf1 Rf2 0-1

[Event "3rd Cambridge Int Open"]
[Site "Cambridge ENG"]
[Date "2025.05.26"]
[Round "2.21"]
[White "Lazarus, Simon E"]
[Black "Shearsby, Jude"]
[Result "0-1"]
[BlackTitle "CM"]
[WhiteElo "1874"]
[BlackElo "2133"]
[WhiteFideId "343408451"]
[BlackFideId "462527"]
[EventDate "2025.05.26"]

1. Nf3 Nf6 2. c4 g6 3. g3 Bg7 4. Bg2 O-O 5. O-O c5 6. d4 d6 7. d5 e6 8. Nc3 exd5
9. cxd5 Na6 10. Nd2 Rb8 11. a4 Nb4 12. Nc4 Ne8 13. Bf4 g5 14. Bd2 Bf5 15. Rc1 b6
16. Nb5 a6 17. Na7 Ra8 18. Bxb4 Rxa7 19. Bc3 Bxc3 20. bxc3 b5 21. Ne3 Bg6 22.
axb5 axb5 23. Ra1 Qa8 24. f4 gxf4 25. gxf4 Ng7 26. Rxa7 Qxa7 27. f5 c4 28. Qd4
Qxd4 29. cxd4 Bh5 30. Bf3 Bxf3 31. Rxf3 f6 32. Rf1 Rc8 33. Nc2 Rb8 34. e4 b4 35.
e5 b3 36. Ne3 b2 37. Rb1 c3 38. exf6 Nxf5 39. Nc2 Kf7 40. Kf2 Ra8 41. Rg1 Nxd4 0-1

[Event "3rd Cambridge Int Open"]
[Site "Cambridge ENG"]
[Date "2025.05.26"]
[Round "2.22"]
[White "Payne, Matthew J"]
[Black "Walley, A Clive"]
[Result "1-0"]
[WhiteElo "2116"]
[BlackElo "1871"]
[WhiteFideId "417084"]
[BlackFideId "453404"]
[EventDate "2025.05.26"]

1. e4 c5 2. Nc3 Nc6 3. Bb5 Nd4 4. Nf3 Nxb5 5. Nxb5 d6 6. d4 a6 7. Nc3 cxd4 8.
Qxd4 e5 9. Qb4 Nf6 10. Bg5 Be7 11. O-O-O Qc7 12. Bxf6 gxf6 13. Nd5 Qc6 14. Rd3
Be6 15. Rc3 Bxd5 16. Rxc6 Bxc6 17. Qc4 Rg8 18. Qe2 Rg4 19. Nd2 Rxg2 20. Qf3 Rg7
21. Nc4 O-O-O 22. Ne3 Rdg8 23. Nf5 Rg1+ 24. Rxg1 Rxg1+ 25. Kd2 Kd8 26. Ng3 Ra1
27. a3 Rb1 28. b3 Ra1 29. Nh5 Rxa3 30. Nxf6 h6 31. Kc3 Ra5 32. Ng8 d5 33. Qxf7
d4+ 34. Kd2 Bg5+ 35. Ke2 Ra2 36. Qf8+ Kc7 37. Qc5 Bf4 38. h4 b6 39. Qc4 Kb7 40.
Kf3 Bb5 41. Qf7+ Kb8 42. Qf8+ Kb7 43. Qe7+ Kb8 44. Qd8+ Kb7 45. c4 dxc3 46. Ne7
Be2+ 47. Kg2 a5 48. Qc8+ Ka7 49. Nc6# 1-0

[Event "3rd Cambridge Int Open"]
[Site "Cambridge ENG"]
[Date "2025.05.26"]
[Round "2.23"]
[White "Brett, Andrew R"]
[Black "Mittal, Aditya"]
[Result "1/2-1/2"]
[WhiteElo "2057"]
[BlackElo "1849"]
[WhiteFideId "416460"]
[BlackFideId "499250"]
[EventDate "2025.05.26"]

1. d4 Nf6 2. c4 e6 3. Nf3 d5 4. g3 dxc4 5. Bg2 c5 6. O-O Nc6 7. Ne5 Bd7 8. Na3
cxd4 9. Naxc4 Bc5 10. Bg5 Rc8 11. Bxf6 gxf6 12. Nxd7 Qxd7 13. Nd2 f5 14. Nb3 Bb6
15. Qd2 Ne5 16. Qf4 f6 17. Rad1 Rc4 18. Qh6 Qe7 19. Rc1 Rf8 20. Rxc4 Nxc4 21.
Bf3 Nd6 22. Rd1 e5 23. Bd5 Kd8 24. Kg2 Kc8 25. a4 Ne4 26. a5 Bc7 27. Qh5 Ng5 28.
h4 Qd6 29. Bf3 Nxf3 30. Qxf5+ Kb8 31. exf3 Qd5 32. Nd2 Bxa5 33. Ne4 Qf7 34. Nc5
Rd8 35. Ne4 Rf8 36. Nc5 1/2-1/2

[Event "3rd Cambridge Int Open"]
[Site "Cambridge ENG"]
[Date "2025.05.26"]
[Round "2.24"]
[White "Pai, Sidhanth"]
[Black "Pereslavtsev, Alexandr"]
[Result "1-0"]
[WhiteElo "1832"]
[BlackElo "2093"]
[WhiteFideId "343111937"]
[BlackFideId "343401449"]
[EventDate "2025.05.26"]

1. d4 Nf6 2. c4 g6 3. Nf3 Bg7 4. g3 O-O 5. Bg2 c5 6. d5 d6 7. O-O Nbd7 8. Nc3 a6
9. a4 Rb8 10. Re1 Ne8 11. e4 Nc7 12. Qe2 Nf6 13. e5 Ng4 14. Bf4 Re8 15. h3 Nxe5
16. Nxe5 dxe5 17. Bxe5 Bxe5 18. Qxe5 f5 19. a5 b5 20. axb6 Rxb6 21. Na4 Rb4 22.
b3 Rxb3 23. Nxc5 Rb4 24. Qc3 Rb8 25. Rad1 Na8 26. d6 Nb6 27. d7 1-0

[Event "3rd Cambridge Int Open"]
[Site "Cambridge ENG"]
[Date "2025.05.26"]
[Round "2.25"]
[White "Hutchinson, Paul A"]
[Black "Adams, George"]
[Result "1/2-1/2"]
[WhiteElo "2054"]
[BlackElo "1829"]
[WhiteFideId "411558"]
[BlackFideId "487643"]
[EventDate "2025.05.26"]

1. d4 d5 2. Bf4 c5 3. e3 Nc6 4. Nf3 Bg4 5. c3 Qb6 6. Qb3 c4 7. Qxb6 axb6 8. e4
Bxf3 9. gxf3 e6 10. Bg2 Nf6 11. Nd2 b5 12. O-O Be7 13. a3 Nh5 14. Bg3 Bg5 15.
Rfd1 Nf4 16. Bxf4 Bxf4 17. Nf1 Ne7 18. Ne3 Kd7 19. Bh3 Kc6 20. Re1 Rhe8 21. Re2
Ng6 22. Ng2 Bd6 23. Rae1 Red8 24. exd5+ exd5 25. Bf5 Rf8 26. h4 h5 27. Kf1 Nf4
28. Nxf4 Bxf4 29. Bc2 g6 30. Ra1 Bd6 31. Ree1 Bc7 32. b3 Bf4 33. Red1 Rfe8 34.
a4 bxa4 35. bxc4 dxc4 36. Be4+ Kc7 37. Rdb1 Ra7 38. Bd5 a3 39. Bxc4 Bd2 40. Bxf7
Re7 41. Ba2 Kd6 42. Rb6+ Kd7 43. Rb3 g5 44. Rd1 Bf4 45. hxg5 Bxg5 46. Rb5 Rg7
47. f4 Bxf4 48. Rxh5 Re7 49. c4 b6 50. Rb1 Bc7 51. Rd1 Ra8 52. Rh6 Rf8 53. c5
Bg3 54. Kg2 Bxf2 55. Rg6 Be3 56. Bc4 Rf2+ 57. Kg3 Rb2 58. c6+ Kc7 59. d5 Bc5 60.
d6+ Bxd6+ 61. Rgxd6 Re3+ 62. Kf4 Rc3 63. Be6 a2 64. Rd8 Rf2+ 65. Kg4 Rg2+ 66.
Kh4 Rh2+ 67. Kg5 Rc5+ 68. Kg6 Kxc6 69. Ra8 Ra5 70. Rxa5 bxa5 71. Ra1 Rf2 72.
Bxa2 1/2-1/2

[Event "3rd Cambridge Int Open"]
[Site "Cambridge ENG"]
[Date "2025.05.26"]
[Round "2.26"]
[White "Liu, Jacob"]
[Black "Kueh, Audrey"]
[Result "0-1"]
[BlackTitle "WFM"]
[WhiteElo "1825"]
[BlackElo "2054"]
[WhiteFideId "496960"]
[BlackFideId "421596"]
[EventDate "2025.05.26"]

1. e4 c6 2. d4 d5 3. Nc3 dxe4 4. Nxe4 Bf5 5. Ng3 Bg6 6. N1e2 e6 7. Nf4 Bd6 8. h4
Qc7 9. Nxg6 hxg6 10. Ne4 Bf4 11. Bd3 Nd7 12. Bxf4 Qxf4 13. g3 Qc7 14. Ng5 Qa5+
15. Qd2 Qxd2+ 16. Kxd2 Ngf6 17. c3 O-O 18. Rae1 Rfd8 19. Kc1 a5 20. a3 Rab8 21.
Ne4 b5 22. Nxf6+ Nxf6 23. b4 Ra8 24. Kb2 Ra7 25. Ra1 e5 26. dxe5 Ng4 27. Bc2
Nxf2 28. Rhf1 Nd3+ 29. Bxd3 Rxd3 30. g4 Rd2+ 31. Kc1 Rg2 32. g5 axb4 33. cxb4
Rd7 34. a4 Ra7 35. a5 Rg4 36. Rb1 Rxh4 37. Kc2 c5 38. bxc5 Rxa5 39. Rbc1 Ra6 40.
Kb3 b4 41. c6 Ra3+ 42. Kb2 Rh2+ 43. Kb1 Raa2 44. Rc5 b3 45. c7 Rhb2+ 46. Kc1
Rc2+ 47. Rxc2 Rxc2+ 48. Kb1 Rxc7 49. Kb2 Rb7 50. Rf3 Rb5 51. Re3 Kf8 52. e6 f6
53. gxf6 gxf6 54. e7+ Ke8 55. Re6 g5 56. Rxf6 Kxe7 57. Rf3 Ke6 0-1

[Event "3rd Cambridge Int Open"]
[Site "Cambridge ENG"]
[Date "2025.05.26"]
[Round "2.27"]
[White "Hughes, Roy"]
[Black "Prince, Alan R"]
[Result "1/2-1/2"]
[WhiteElo "2014"]
[BlackElo "1803"]
[WhiteFideId "412481"]
[BlackFideId "2402165"]
[EventDate "2025.05.26"]

1. d4 Nf6 2. Bf4 d6 3. Nc3 g6 4. e4 Bg7 5. Qd2 O-O 6. f3 c5 7. d5 Nbd7 8. Bh6 e6
9. O-O-O exd5 10. Bxg7 Kxg7 11. Nxd5 Nxd5 12. Qxd5 Nf6 13. Qxd6 Qa5 14. Bc4 Be6
15. Bxe6 Rad8 16. Qf4 fxe6 17. Ne2 Qxa2 18. Qc7+ Nd7 19. Rxd7+ Rxd7 20. Qxd7+
Rf7 21. Qd6 Qa1+ 22. Kd2 Qxh1 23. Nf4 Rxf4 24. Qxf4 Qxg2+ 25. Kc3 Qf2 26. Qc7+
Kh6 27. Qf4+ 1/2-1/2

[Event "3rd Cambridge Int Open"]
[Site "Cambridge ENG"]
[Date "2025.05.26"]
[Round "2.28"]
[White "Jones, Graeme"]
[Black "Yu, Rock"]
[Result "0-1"]
[WhiteElo "1781"]
[BlackElo "2048"]
[WhiteFideId "343409083"]
[BlackFideId "489000"]
[EventDate "2025.05.26"]

1. e4 Nf6 2. e5 Nd5 3. d4 d6 4. c4 Nb6 5. exd6 cxd6 6. Nc3 g6 7. h3 Bg7 8. Nf3
O-O 9. Be2 Bf5 10. O-O Nc6 11. Bg5 h6 12. Bh4 g5 13. Bg3 e5 14. dxe5 dxe5 15.
Rc1 e4 16. Nd2 Re8 17. c5 Nd5 18. Nxd5 Qxd5 19. Bc4 Qd4 20. b3 Rad8 21. Bd6 Be5
22. Bxe5 Nxe5 23. Nb1 Nd3 24. Bxd3 Qf6 25. Qd2 Rxd3 26. Qb4 g4 27. hxg4 Bxg4 28.
Qxb7 Qg5 29. Qb5 Bd7 30. Qc4 Bh3 31. g3 Rxg3+ 32. Kh2 Rg2+ 33. Kxh3 Qg4# 0-1

[Event "3rd Cambridge Int Open"]
[Site "Cambridge ENG"]
[Date "2025.05.26"]
[Round "2.29"]
[White "Kaushik, Madhav"]
[Black "Pick, Freddie"]
[Result "1/2-1/2"]
[WhiteElo "1779"]
[BlackElo "1997"]
[WhiteFideId "499986"]
[BlackFideId "343454097"]
[EventDate "2025.05.26"]

1. e4 c5 2. Nf3 Nc6 3. d4 cxd4 4. Nxd4 Nf6 5. Nc3 e5 6. Ndb5 d6 7. Nd5 Nxd5 8.
exd5 Nb8 9. a4 Be7 10. Be2 O-O 11. Bd2 Bf5 12. a5 Be4 13. O-O Bxd5 14. Be3 Be6
15. Bxa7 Nd7 16. c4 Qc8 17. Rc1 Rd8 18. b4 Qc6 19. Re1 Nf6 20. Bb6 Rf8 21. Bf3
Qd7 22. Nc7 Rac8 23. Bxb7 Rxc7 24. Bxc7 Qxc7 25. a6 Bxc4 26. b5 Qc5 27. Qc2 d5
28. Bxd5 Bxb5 29. Qxc5 Bxc5 30. Rxc5 Bxa6 31. Ra5 Nxd5 32. Rxa6 f6 33. Rb1 g6
34. Rb7 Rf7 35. Raa7 Rxb7 36. Rxb7 Nf4 37. Rd7 Ne6 38. h4 Ng7 39. Kf1 Nf5 40. g3
Nh6 41. Ke2 Nf7 42. Kd3 Kg7 43. Ke4 f5+ 44. Kd5 Kf6 45. Ra7 e4 46. Ra6+ Kg7 47.
Ke6 Nh6 48. Ra7+ Kg8 49. Ra3 Ng4 50. Ra2 Kg7 51. h5 Kh6 52. hxg6 hxg6 53. Kf7 1/2-1/2

[Event "3rd Cambridge Int Open"]
[Site "Cambridge ENG"]
[Date "2025.05.26"]
[Round "2.30"]
[White "Adams, Michael"]
[Black "Schroer, Marcel"]
[Result "1-0"]
[WhiteTitle "GM"]
[WhiteElo "2661"]
[BlackElo "2085"]
[WhiteFideId "400041"]
[BlackFideId "1012908"]
[EventDate "2025.05.26"]

1. e4 c6 2. d4 d5 3. e5 Bf5 4. Nf3 e6 5. Be2 c5 6. O-O Nc6 7. c3 cxd4 8. Nxd4
Nge7 9. Bb5 a6 10. Bxc6+ bxc6 11. b4 a5 12. Be3 axb4 13. cxb4 Qb8 14. Qd2 Qxe5
15. Bf4 Qe4 16. Bd6 Qd3 17. Rc1 Kd7 18. Bg3 f6 19. b5 Qxd2 20. Nxd2 cxb5 21.
Rc7+ Kd8 22. Rb7 e5 23. Nxf5 Nxf5 24. Rxb5 Bd6 25. Rxd5 Ke7 26. Nc4 Ra6 27. a4
Rc8 28. Nxd6 Nxd6 29. f3 Ke6 30. Rd2 Rca8 31. Rda2 Nb5 32. Be1 Kd5 33. a5 h5 34.
h4 g5 35. hxg5 fxg5 36. Rb2 Nd4 37. Rd1 Kc4 38. Kf2 g4 39. fxg4 hxg4 40. Ke3 Rf8
41. Rc1+ Kd5 42. Bb4 Nf5+ 43. Kd2 Rd8 44. Rc5+ Ke4+ 45. Ke1 Nd4 46. Bc3 Rh8 47.
Bxd4 Kxd4 48. Rbb5 Re6 49. Kf2 Rf8+ 50. Kg3 e4 51. Rd5+ Kc4 52. Rdc5+ Kd4 53.
Rd5+ Kc4 54. Rbc5+ Kb4 55. Re5 Rfe8 56. Rxe6 Rxe6 57. Rc2 e3 58. Rc1 Kxa5 59.
Kxg4 e2 60. Re1 Kb5 61. Kf3 Kc4 62. Rxe2 Rf6+ 63. Kg4 Kd5 64. Kg5 Rf8 65. g4
Rg8+ 66. Kh4 Rh8+ 67. Kg3 Rg8 68. Re1 Kd4 69. Re6 Kd5 70. Ra6 Ke5 71. Kh4 Kf4
72. Rf6+ Ke5 73. g5 Rh8+ 74. Kg4 Rh1 75. Ra6 Rh2 76. g6 1-0

[Event "3rd Cambridge Int Open"]
[Site "Cambridge ENG"]
[Date "2025.05.26"]
[Round "2.31"]
[White "Murawski, Jan"]
[Black "Willow, Jonah B"]
[Result "1/2-1/2"]
[WhiteTitle "CM"]
[BlackTitle "IM"]
[WhiteElo "2191"]
[BlackElo "2478"]
[WhiteFideId "21009287"]
[BlackFideId "438804"]
[EventDate "2025.05.26"]

1. d4 Nf6 2. c4 e6 3. Nf3 c5 4. Nc3 cxd4 5. Nxd4 a6 6. g3 Qc7 7. Qd3 Nc6 8. Nxc6
Qxc6 9. e4 b6 10. Bg2 Bb7 11. O-O Rc8 12. Be3 Qxc4 13. Qxc4 Rxc4 14. Bxb6 Bb4
15. f3 O-O 16. Rfc1 Rfc8 17. Bf1 R4c6 18. Bd4 d5 19. exd5 Nxd5 20. Nxd5 Rxc1 21.
Rxc1 Rxc1 22. Nxb4 a5 23. Nd3 Rd1 24. Bc3 Bxf3 25. Kf2 Bd5 26. b3 f5 27. Bxa5
Ra1 28. Nb4 Bxb3 29. Bc7 Bxa2 30. Be5 Rc1 31. Nxa2 Rc2+ 32. Kg1 Rxa2 33. Bc4 Ra5
34. Bxe6+ Kf8 35. Bd6+ Ke8 36. Bf4 Ke7 37. Bc4 Ra4 38. Bb5 Ra1+ 39. Kf2 Ra2+ 40.
Be2 Kf6 41. h4 h6 42. h5 1/2-1/2

[Event "3rd Cambridge Int Open"]
[Site "Cambridge ENG"]
[Date "2025.05.26"]
[Round "2.32"]
[White "Hanache, Kai"]
[Black "Pert, Richard G"]
[Result "0-1"]
[BlackTitle "IM"]
[WhiteElo "2149"]
[BlackElo "2413"]
[WhiteFideId "490105"]
[BlackFideId "404748"]
[EventDate "2025.05.26"]

1. e4 c6 2. d4 d5 3. e5 Bf5 4. Nd2 e6 5. Nb3 Nd7 6. Nf3 Be7 7. Be2 h5 8. Be3 Nh6
9. h3 Bg6 10. g4 Qc7 11. Qd2 O-O-O 12. g5 Nf5 13. Bf4 h4 14. O-O-O c5 15. dxc5
Nxc5 16. Nxc5 Bxc5 17. Qe1 Ne3 18. fxe3 Bxe3+ 19. Kb1 Bxc2+ 20. Ka1 Bxf4 21. Rd4
Be3 22. Rxh4 Rxh4 23. Qxh4 d4 24. Bd1 Bf5 25. Bb3 Qc6 26. Qg3 d3 27. Rf1 d2 0-1

[Event "3rd Cambridge Int Open"]
[Site "Cambridge ENG"]
[Date "2025.05.26"]
[Round "2.33"]
[White "Fernandez Garcia, Jose Miguel"]
[Black "Kothari, Jai"]
[Result "1-0"]
[WhiteTitle "IM"]
[WhiteElo "2365"]
[BlackElo "2007"]
[WhiteFideId "22200070"]
[BlackFideId "477117"]
[EventDate "2025.05.26"]

1. e4 c5 2. d4 cxd4 3. Qxd4 Nc6 4. Qd3 g6 5. Nc3 Bg7 6. Nf3 Nf6 7. Nd5 O-O 8. c3
a6 9. Be3 Nxd5 10. exd5 Ne5 11. Nxe5 Bxe5 12. Be2 d6 13. a4 Bf5 14. Qd2 b5 15.
O-O Qd7 16. Ra3 Rfc8 17. axb5 axb5 18. Rfa1 Qb7 19. Ra7 Rxa7 20. Rxa7 Qb8 21. g4
Be4 22. f3 Bf4 23. Rxe7 Bxe3+ 24. Qxe3 Bxd5 25. f4 Qa8 26. f5 Qa1+ 27. Kf2 Qh1
28. h3 Qh2+ 29. Ke1 Qh1+ 30. Kf2 Qh2+ 31. Ke1 Qh1+ 32. Kd2 Qb1 33. f6 h6 34.
Re8+ Rxe8 35. Qxe8+ Kh7 36. Qxb5 Qe4 37. Qd3 Qf4+ 38. Qe3 Qxf6 39. b4 Qd8 40.
Qd4 Be6 41. b5 Bc8 42. Bc4 Bb7 43. Qf4 f6 44. Bd3 Qe7 45. Qe3 Qe5 46. Qxe5 fxe5
47. c4 Kg7 48. Ke3 d5 49. cxd5 Bxd5 50. b6 Bb7 51. Be4 Ba6 52. h4 1-0

[Event "3rd Cambridge Int Open"]
[Site "Cambridge ENG"]
[Date "2025.05.26"]
[Round "2.34"]
[White "Vaidyanathan, Adithya"]
[Black "Wells, Peter K"]
[Result "0-1"]
[BlackTitle "GM"]
[WhiteElo "2137"]
[BlackElo "2350"]
[WhiteFideId "495450"]
[BlackFideId "400327"]
[EventDate "2025.05.26"]

1. d4 Nf6 2. Nf3 e6 3. c4 b6 4. Nc3 Bb4 5. Qb3 c5 6. a3 Ba5 7. Bd2 O-O 8. Rd1 d5
9. cxd5 exd5 10. e3 Bf5 11. Be2 c4 12. Qa2 Bxc3 13. Bxc3 Ne4 14. O-O Re8 15. Nd2
Nc6 16. Nxe4 Bxe4 17. b3 Qg5 18. g3 b5 19. bxc4 bxc4 20. Qd2 Bf5 21. Rfe1 h5 22.
Bf3 Bg4 23. Bxg4 hxg4 24. h4 gxh3 25. Kh2 Qf5 26. Qe2 Rab8 27. f3 Rb3 28. Rc1
Qf6 29. Qf2 Rxa3 30. Kxh3 Rb8 31. e4 Rbb3 32. exd5 Ne7 33. Qe3 Nf5 34. Qd2 Nd6
35. Kg2 Qf5 36. Re3 Rb1 37. g4 Qg6 38. Bb4 Rxc1 39. Qxc1 Ra2+ 40. Kg1 Qh6 41.
Bd2 Qh3 42. Ra3 Ne4 0-1

[Event "3rd Cambridge Int Open"]
[Site "Cambridge ENG"]
[Date "2025.05.26"]
[Round "2.35"]
[White "Yoon, Jacob D"]
[Black "Nawalaniec, Adam"]
[Result "0-1"]
[WhiteTitle "CM"]
[BlackTitle "CM"]
[WhiteElo "2250"]
[BlackElo "2211"]
[WhiteFideId "446076"]
[BlackFideId "21023786"]
[EventDate "2025.05.26"]

1. d4 Nf6 2. c4 e6 3. Nf3 d5 4. Nc3 Be7 5. Bf4 O-O 6. e3 b6 7. Bd3 c5 8. cxd5
Nxd5 9. Nxd5 exd5 10. Ne5 cxd4 11. exd4 Bb4+ 12. Kf1 Nd7 13. Nc6 Qf6 14. Nxb4
Qxf4 15. Nxd5 Qd6 16. Ne3 Nf6 17. Qf3 Be6 18. Rd1 Bxa2 19. Nf5 Qc7 20. Qe3 Nd5
21. Qg5 f6 22. Qh4 Bc4 23. Qg4 g6 24. Ne3 Bxd3+ 25. Rxd3 Qc1+ 26. Qd1 Nxe3+ 27.
fxe3 Rac8 28. Kf2 Rc2+ 29. Kg3 Qxb2 30. Qf3 Qb5 31. Rhd1 Qg5+ 32. Kh3 f5 33.
Qd5+ Rf7 34. Qf3 Rf2 35. Qg3 Qh5+ 36. Qh4 Qxh4+ 37. Kxh4 Rxg2 38. Kh3 Rg4 39.
Ra1 g5 40. Rf1 Rf6 41. Rxf5 Rh4+ 0-1

[Event "3rd Cambridge Int Open"]
[Site "Cambridge ENG"]
[Date "2025.05.26"]
[Round "2.36"]
[White "Chan, Sheng Liang Bernard"]
[Black "Cummings, David H."]
[Result "1/2-1/2"]
[BlackTitle "IM"]
[WhiteElo "2095"]
[BlackElo "2249"]
[WhiteFideId "5712858"]
[BlackFideId "2603578"]
[EventDate "2025.05.26"]

1. d4 Nf6 2. c4 e6 3. Nc3 d5 4. cxd5 exd5 5. Bg5 Be7 6. e3 h6 7. Bxf6 Bxf6 8.
Bd3 c5 9. dxc5 Bxc3+ 10. bxc3 Qa5 11. Ne2 Nc6 12. O-O Qxc5 13. h3 O-O 14. Bc2
Rd8 15. Rb1 a6 16. Qd3 g6 17. Qd2 b5 18. Rbd1 Qe7 19. Bb3 Na5 20. Nd4 Bb7 21.
Rfe1 Rac8 22. Rc1 Kh7 23. Qe2 Qf6 24. Qg4 Nxb3 25. axb3 Rc7 26. Ne2 Rdc8 27. Ra1
h5 28. Qb4 Qe7 29. Qxe7 Rxe7 30. b4 Rec7 31. Ra3 h4 32. Rd1 Rc4 33. Rd4 Kg7 34.
Kf1 Kf6 35. Ke1 Ke7 36. Kd2 R8c7 37. f3 Kd6 38. Rd3 Kc6 39. Nd4+ Kb6 40. Nb3
R4c6 41. Nc5 Rd6 42. Rd4 g5 43. Ra1 Rc8 44. Rf1 Rg8 45. Ke2 Bc8 46. Rfd1 f5 47.
Rxd5 Rxd5 48. Rxd5 g4 49. Rd6+ Kc7 50. Rh6 gxh3 51. gxh3 Rg2+ 52. Kd3 Rg3 53.
Rxh4 Rxf3 54. Kd4 Rg3 55. Rh7+ Kc6 56. Rh6+ Kc7 57. Nxa6+ Bxa6 58. Rxa6 Rxh3 59.
Re6 Rh4+ 60. Kd3 Rh5 61. Re5 Kc6 62. Rc5+ Kb6 63. Ke2 Rh2+ 64. Kf3 Rc2 65. Kf4
Rf2+ 66. Kg5 Rf3 67. Re5 Kc6 68. Kf6 f4 69. Rc5+ Kb6 70. e4 Re3 71. e5 f3 72. e6
f2 73. Rf5 Re2 74. e7 Kc7 75. Kf7 Kd7 76. Rd5+ Kc7 77. Rf5 Kd7 78. Rd5+ Kc7 79.
Rf5 1/2-1/2

[Event "3rd Cambridge Int Open"]
[Site "Cambridge ENG"]
[Date "2025.05.26"]
[Round "2.37"]
[White "Lebedev, Lion"]
[Black "Gilsson, Asmund"]
[Result "1-0"]
[WhiteElo "1996"]
[BlackElo "1795"]
[WhiteFideId "551005492"]
[BlackFideId "1541242"]
[EventDate "2025.05.26"]

1. d4 d5 2. c4 c6 3. Nf3 Nf6 4. Nc3 e6 5. e3 Nbd7 6. Bd3 dxc4 7. Bxc4 b5 8. Bd3
Bb7 9. O-O Be7 10. e4 a6 11. e5 Nd5 12. Nxd5 cxd5 13. Bd2 Rc8 14. Qe2 Qb6 15. b4
Qd8 16. a4 bxa4 17. Bxa6 Bxa6 18. Qxa6 Ra8 19. Qc6 O-O 20. Rxa4 Rxa4 21. Qxa4
Nb6 22. Qb3 Nc4 23. Bc3 Qb6 24. Ra1 Rc8 25. Qa4 g5 26. h3 Qd8 27. Be1 f5 28.
exf6 Bxf6 29. Qa6 Nb6 30. Qe2 Kf7 31. Bd2 Nc4 32. Nxg5+ Bxg5 33. Qh5+ Kg7 34.
Bxg5 Qb6 35. Bh6+ Kh8 36. Qg4 Rc7 37. Ra8+ 1-0

[Event "3rd Cambridge Int Open"]
[Site "Cambridge ENG"]
[Date "2025.05.26"]
[Round "2.38"]
[White "Kirupakaran, Vishnu"]
[Black "Cole, James"]
[Result "0-1"]
[WhiteElo "1847"]
[BlackElo "1972"]
[WhiteFideId "443492"]
[BlackFideId "431818"]
[EventDate "2025.05.26"]

1. e4 c6 2. b3 d5 3. Bb2 dxe4 4. Nc3 Nf6 5. Nge2 Bf5 6. Ng3 Bg6 7. Qe2 Nbd7 8.
h4 h6 9. h5 Bh7 10. Ngxe4 e6 11. O-O-O Be7 12. Rh3 Qa5 13. Kb1 O-O-O 14. g4 Rhg8
15. Bg2 Nd5 16. Nxd5 cxd5 17. Nc3 Bc5 18. Na4 Bd6 19. Ka1 Kb8 20. c4 dxc4 21.
Bc3 Qa6 22. Bb2 Bd3 23. Qe3 Rc8 24. Rc1 Nf6 25. g5 hxg5 26. h6 Ng4 27. Qxg5 gxh6
28. Qh4 Ne5 29. Be4 Rg4 0-1

[Event "3rd Cambridge Int Open"]
[Site "Cambridge ENG"]
[Date "2025.05.26"]
[Round "2.39"]
[White "Sasikumar, Srivathsan"]
[Black "Letton, Rob"]
[Result "1-0"]
[WhiteElo "1953"]
[BlackElo "1786"]
[WhiteFideId "343401279"]
[BlackFideId "464384"]
[EventDate "2025.05.26"]

1. e4 c5 2. Nf3 g6 3. d4 cxd4 4. Nxd4 Bg7 5. Be3 Nc6 6. c4 d6 7. Nc3 Nf6 8. Be2
Ng4 9. Bxg4 Bxd4 10. Bxd4 Bxg4 11. f3 Nxd4 12. Qxd4 e5 13. Qe3 Be6 14. b3 a6 15.
O-O O-O 16. Rad1 Rc8 17. Rf2 Rc6 18. Rfd2 Qc7 19. Nd5 Bxd5 20. Rxd5 f5 21. Qd3
Qb6+ 22. Kh1 fxe4 23. Qxe4 Rf4 24. Qd3 e4 25. fxe4 Qf2 26. h3 Qxa2 27. Rxd6 Rxd6
28. Qxd6 Qf2 29. e5 Qg3 30. Qd5+ Kg7 31. e6 1-0

[Event "3rd Cambridge Int Open"]
[Site "Cambridge ENG"]
[Date "2025.05.26"]
[Round "2.40"]
[White "Botteley, Michael T"]
[Black "Anjulan, Ashwin"]
[Result "0-1"]
[WhiteElo "1947"]
[BlackElo "1826"]
[WhiteFideId "427411"]
[BlackFideId "343411622"]
[EventDate "2025.05.26"]

1. c4 c5 2. Nc3 Nc6 3. g3 g6 4. Bg2 Bg7 5. d3 e5 6. e3 Nge7 7. Nge2 O-O 8. O-O
d6 9. Rb1 Be6 10. Nd5 Rc8 11. Nec3 Qd7 12. Re1 Bh3 13. Bh1 Nxd5 14. Nxd5 Ne7 15.
b4 Nxd5 16. Bxd5 b6 17. Bd2 Be6 18. Bg2 d5 19. bxc5 dxc4 20. c6 Qxd3 21. Bb4
Rfd8 22. Qa4 c3 23. Bf1 Qe4 24. Bg2 Qc4 25. Qc2 e4 26. Qxe4 Qxa2 27. Ra1 Qd2 28.
Rac1 Bd5 29. Qc2 Bxg2 30. Kxg2 Qd5+ 31. e4 Qxc6 32. Re3 Rd7 33. f3 Rcd8 34. Bxc3
Bxc3 35. Qxc3 Rd2+ 36. Kh3 Qe6+ 37. g4 g5 38. Qc6 Qe5 39. Rh1 R8d6 40. Qc8+ Kg7 0-1